| 000 | 00924cab a2200241 4500 | ||
|---|---|---|---|
| 001 | ABS52992 | ||
| 008 | 090401t1995 xxu||||| |||| 00| 0 eng d | ||
| 035 | _a(Sirsi) u1243 | ||
| 041 | 0 | _aeng | |
| 100 | 1 | _aBrown, P. | |
| 245 | 0 | 0 | _aNo way to treat an energy rating |
| 260 | _c1995 | ||
| 350 | _a0 | ||
| 490 | 0 |
_aArchitects' Journal _v201(23) 8 June 1995, 18-19(2) |
|
| 520 | _aCasts doubt on the methodology used to calculate energy use in new dwellings, the Standard Assessment Procedure (SAP), under Part L of the Building Regulations (coming into force in July 1995). Argues that this may possibly lead to the system being discredited. | ||
| 650 | 2 | 4 | _aBUILDING REGULATIONS 1991 APPROVED DOCUMENT L (1995 EDITION) |
| 650 | 2 | 4 | _aSTANDARD ASSESSMENT PROCEDURE |
| 651 | 4 |
_aEngland and Wales _y1543- |
|
| 690 | _aBUILT ENVIRONMENT-BUILDING STANDARDS | ||
| 700 | 1 | _aParnaby, R. | |
| 942 | _n0 | ||
| 948 | _c04/03/1997 | ||
| 999 |
_c677 _d677 |
||